The creation of matter : (Record no. 1140)

MARC details
000 -LEADER
fixed length control field 00851cam a2200289 a 4500
005 - DATE AND TIME OF LATEST TRANSACTION
control field 20260322212048.0
008 - FIXED-LENGTH DATA ELEMENTS--GENERAL INFORMATION
fixed length control field data
010 ## - LIBRARY OF CONGRESS CONTROL NUMBER
LC control number 83046089
020 ## - INTERNATIONAL STANDARD BOOK NUMBER
International Standard Book Number 0465014461 :
Terms of availability {dollar}19.95
020 ## - INTERNATIONAL STANDARD BOOK NUMBER
International Standard Book Number 9780465014460 :
Terms of availability {dollar}19.95
040 ## - CATALOGING SOURCE
Original cataloging agency DLC
Transcribing agency DLC
Modifying agency DLC
041 1# - LANGUAGE CODE
Language code of text/sound track or separate title engger
050 00 - LIBRARY OF CONGRESS CALL NUMBER
Classification number QB981
Item number .F7413 1984
082 00 - DEWEY DECIMAL CLASSIFICATION NUMBER
Classification number 523.1
Edition information 19
092 ## - LOCALLY ASSIGNED DEWEY CALL NUMBER (OCLC)
Classification number 523.1 F7413 1984
001 - CONTROL NUMBER
control field data
100 1# - MAIN ENTRY--PERSONAL NAME
Personal name Fritzsch, Harald,
Dates associated with a name 1943-
240 10 - UNIFORM TITLE
Uniform title Vom Urknall zum Zerfall.
Language of a work English
245 14 - TITLE STATEMENT
Title The creation of matter :
Remainder of title the universe from beginning to end /
Statement of responsibility, etc. Harald Fritzsch.
260 ## - PUBLICATION, DISTRIBUTION, ETC.
Place of publication, distribution, etc. New York :
Name of publisher, distributor, etc. Basic Books,
Date of publication, distribution, etc. c1984.
300 ## - PHYSICAL DESCRIPTION
Extent x, 307 p. :
Other physical details ill. ;
Dimensions 22 cm.
500 ## - GENERAL NOTE
General note Translation of: Vom Urknall zum Zerfall.
500 ## - GENERAL NOTE
General note Includes index.
650 #0 - SUBJECT ADDED ENTRY--TOPICAL TERM
Topical term or geographic name entry element Cosmology.
650 #0 - SUBJECT ADDED ENTRY--TOPICAL TERM
Topical term or geographic name entry element Big bang theory.
650 #0 - SUBJECT ADDED ENTRY--TOPICAL TERM
Topical term or geographic name entry element Matter
General subdivision Constitution.
Holdings
Withdrawn status Lost status Damaged status Not for loan Home library Current library Shelving location Date acquired Total checkouts Full call number Barcode Date last seen Price effective from Koha item type
        Franklin Franklin General stacks 22/03/2026   523.1 19 BC0011178 22/03/2026 22/03/2026 Books